000 00357nam a2200145Ia 4500
008 221117s9999 xx 000 0 und d
082 _bCHA
100 _aCHATTERJEE, JAYANTA
245 0 _aSERVICES MARKETING
250 _a7TH
260 _bPEARSON INDIA EDUCATION SERVIVE PVT. LTD., NOIDA
_c2013
300 _a683
650 _aMarketing
942 _cBK
999 _c214978
_d214978